| 000 | 00817nam a2200253Ia 4500 | ||
|---|---|---|---|
| 003 | OSt | ||
| 005 | 20220926021119.0 | ||
| 006 | a|||||r|||| 00| 0 | ||
| 007 | ta | ||
| 008 | 220923b |||||||| |||| 00| 0 eng d | ||
| 037 | _cGeneral Book | ||
| 040 |
_aRTL _cRTL _beng |
||
| 041 |
_2eng _aeng |
||
| 082 | _aX9(F:55):(G:55).49M.n9, P1/UN | ||
| 110 | _aUN, Economic and Social Commission for Western Asia | ||
| 245 | 0 | _aTowards harmonization of environmental standards in the energy sector of ESCWA member states | |
| 260 |
_aNew York _bU N _c2001 |
||
| 300 |
_a93p _ccm. |
||
| 650 | _a Fuel | ||
| 650 | _aIndustrial Economics | ||
| 700 | _aUN, Economic and Social Commission for Western Asia | ||
| 942 |
_hX9(F:55):(G:55).49M.n9, P1/UN _cGB _2CC |
||
| 999 |
_c635808 _d635808 |
||